Musiques sorties en 2023 - Statistiques

Statistiques générales
  • Ce quiz a été pris 635 fois
    561 depuis la dernière actualisation
  • Le résultat moyen est 10 sur 30
Statistiques - réponses
Hint Réponse % Correct
« Flowers » Miley Cyrus
78%
« Dance The Night » Dua Lipa
69%
« Cruel Summer » Taylor Swift
65%
« vampire » Olivia Rodrigo
63%
« Die For You » The Weeknd/Ariana Grande
58%
« K-POP » Travis Scott/Bad Bunny/The Weeknd
58%
« Paint The Town Red » Doja Cat
55%
« What Was I Made For » Billie Eilish
54%
« Pop Corn salé » Santa
52%
« Bolide allemand » SDM
50%
« Tattoo » Loreen
39%
« Nocif » Hamza/Damso
38%
« Meridian » Dave/Tiakola
30%
« BESO » ROSALÍA/Rauw Alejandro
30%
« Gimme Love » Sia
27%
« Baby Don’t Hurt Me » David Guetta/Anne-Marie/Coi Leray
24%
« TQG » Karol G/Shakira
23%
« Daylight » David Kushner
20%
« Comment on fait » Vianney/Zazie
20%
« Pardonne-moi » Louane
18%
« Seven » Jung Kook/Latto
17%
« Wish You The Best » Lewis Capaldi
17%
« Baby » Aya Nakamura
15%
« Super Shy » NewJeans
15%
« WHERE SHE GOES » Bad Bunny
14%
« Rush » Troye Sivan
12%
« RUNAWAY » OneRepublic
10%
« Back on 74 » Jungle
8%
« I’m Not Here To Make Friends » Sam Smith/Calvin Harris/Jessie Reyez
8%
« MIND YOUR BUSINESS » will.i.am/Britney Spears
3%
Aucun quiz correspondant
Distribution des résultats
% des personnes avec chaque résultat
Percentile par nombre de réponses
Votre historique - résultats
Vous n’avez pas pris ce quiz depuis la dernière actualisation